[Event "Montreal Mercredi 02"]
[Site "Montreal CAN"]
[Date "2007.03.07"]
[Round "3"]
[White "Poschmann, Jeremie"]
[Black "Millette, Sylvain"]
[Result "1-0"]
[WhiteElo "1791"]
[BlackElo "1591"]
[PlyCount "55"]
[GameId "2160767910718331"]
[EventDate "2007.02.21"]
[EventType "swiss"]
[EventRounds "5"]
[EventCountry "CAN"]
[SourceTitle "EXT 2022"]
[Source "ChessBase"]
[SourceDate "2021.10.06"]
[SourceVersion "1"]
[SourceVersionDate "2021.10.06"]
[SourceQuality "1"]

1. d4 Nf6 2. c4 g6 3. g3 d5 4. cxd5 Nxd5 5. e4 Nb6 6. Bg2 Bg7 7. Nf3 Bg4 8. d5 Qd7 9. h3 Bxf3 10. Qxf3 Na4 11. Qb3 Nc5 12. Qc4 Nba6 13. Nc3 Nb4 14. O-O Nc2 15. Rb1 b6 16. Nb5 a6 17. Nxc7+ Qxc7 18. Qxc2 Rc8 19. Bf4 Qb7 20. e5 Ne6 21. Qa4+ b5 22. dxe6 Qxg2+ 23. Kxg2 bxa4 24. exf7+ Kxf7 25. Rfc1 Ke6 26. Rc3 Rxc3 27. bxc3 Bxe5 28. Re1 1-0

[Event "Montreal Mercredi 02"]
[Site "Montreal CAN"]
[Date "2007.03.07"]
[Round "3"]
[White "Pregent, Daniel"]
[Black "Lalonde, Paul"]
[Result "1/2-1/2"]
[WhiteElo "1788"]
[BlackElo "1836"]
[PlyCount "168"]
[GameId "2160767910718332"]
[EventDate "2007.02.21"]
[EventType "swiss"]
[EventRounds "5"]
[EventCountry "CAN"]
[SourceTitle "EXT 2022"]
[Source "ChessBase"]
[SourceDate "2021.10.06"]
[SourceVersion "1"]
[SourceVersionDate "2021.10.06"]
[SourceQuality "1"]

1. d4 Nf6 2. Nf3 d6 3. c4 Bg4 4. Nc3 g6 5. h3 Bf5 6. g4 Bd7 7. Bg2 Bg7 8. e4 Nc6 9. e5 Ng8 10. Bf4 dxe5 11. Nxe5 Nxe5 12. dxe5 c6 13. Qb3 Qb6 14. Qa3 Qd4 15. Be3 Qxe5 16. O-O-O Nf6 17. Rhe1 e6 18. f4 Qc7 19. g5 Nh5 20. Ne4 Bf8 21. c5 O-O-O 22. Qxa7 Qb8 23. Qb6 Nxf4 24. Bxf4 Qxf4+ 25. Kb1 Qc7 26. Qa7 Be7 27. Nd6+ Bxd6 28. Rxd6 e5 29. Red1 Bf5+ 30. Kc1 Rxd6 31. cxd6 Qb8 32. d7+ Bxd7 33. Qxb8+ Kxb8 34. Rxd7 Rf8 35. Re7 f6 36. gxf6 Rxf6 37. Rxe5 Rf2 38. Rg5 Kc7 39. Be4 Kd6 40. Rg2 Rf4 41. Re2 Kc5 42. Kc2 Kd4 43. Bg2 h5 44. a3 g5 45. b4 g4 46. hxg4 hxg4 47. Kb3 Kd3 48. Rc2 Rd4 49. Rc3+ Ke2 50. Rc2+ Ke3 51. a4 g3 52. b5 cxb5 53. axb5 Rd7 54. Kb4 b6 55. Bc6 Rd6 56. Rg2 Rd4+ 57. Kc3 Rg4 58. Rd2 Rg5 59. Rd3+ Ke2 60. Rd6 g2 61. Rd2+ Kf1 62. Rxg2 Rxb5 63. Rg6 Rc5+ 64. Kd3 Kf2 65. Kd2 Re5 66. Rg2+ Kf1 67. Rg4 Kf2 68. Rb4 Re2+ 69. Kd3 Re3+ 70. Kd4 Re7 71. Rxb6 Kg3 72. Be4 Kf4 73. Rf6+ Kg5 74. Rf1 Ra7 75. Ke5 Re7+ 76. Kd4 Ra7 77. Ke3 Re7 78. Rg1+ Kf6 79. Kf4 Rg7 80. Rh1 Ke6 81. Rh6+ Kd7 82. Ra6 Re7 83. Kf5 Kc7 84. Bd5 Re1 1/2-1/2

[Event "Montreal Mercredi 02"]
[Site "Montreal CAN"]
[Date "2007.03.12"]
[Round "3"]
[White "Frangulian, Eric"]
[Black "Gauthier, Luc"]
[Result "1-0"]
[WhiteElo "1507"]
[BlackElo "1572"]
[PlyCount "53"]
[GameId "2160767910718333"]
[EventDate "2007.02.21"]
[EventType "swiss"]
[EventRounds "5"]
[EventCountry "CAN"]
[SourceTitle "EXT 2022"]
[Source "ChessBase"]
[SourceDate "2021.10.06"]
[SourceVersion "1"]
[SourceVersionDate "2021.10.06"]
[SourceQuality "1"]

1. e4 Nf6 2. e5 Nd5 3. d4 d6 4. c4 Nb6 5. exd6 exd6 6. Nf3 Be7 7. Be2 O-O 8. O-O Bf6 9. Nc3 Nc6 10. Ne4 Bg4 11. Nxf6+ Qxf6 12. Bg5 Qg6 13. Be3 Bxf3 14. Bxf3 Nxc4 15. b3 Nxe3 16. fxe3 Rfe8 17. Bh5 Qg5 18. Bxf7+ Kh8 19. Bxe8 Qxe3+ 20. Kh1 Qxe8 21. Qg4 Rd8 22. Rae1 Qg8 23. Re4 Rf8 24. Ref4 Rxf4 25. Rxf4 Qe8 26. Re4 Qf8 27. Qe2 1-0

[Event "Montreal Mercredi 02"]
[Site "Montreal CAN"]
[Date "2007.03.14"]
[Round "4"]
[White "Ayotte, Jocelyn"]
[Black "Forget, Luc"]
[Result "1/2-1/2"]
[WhiteElo "2063"]
[BlackElo "1958"]
[PlyCount "85"]
[GameId "2160767910718334"]
[EventDate "2007.02.21"]
[EventType "swiss"]
[EventRounds "5"]
[EventCountry "CAN"]
[SourceTitle "EXT 2022"]
[Source "ChessBase"]
[SourceDate "2021.10.06"]
[SourceVersion "1"]
[SourceVersionDate "2021.10.06"]
[SourceQuality "1"]

1. d4 Nf6 2. c4 e6 3. Nf3 b6 4. g3 Ba6 5. b3 Bb4+ 6. Bd2 Be7 7. Bg2 c6 8. Nc3 d5 9. Ne5 Nfd7 10. Nxd7 Nxd7 11. cxd5 exd5 12. O-O O-O 13. Re1 Nf6 14. e4 dxe4 15. Nxe4 Qd7 16. Rc1 Rac8 17. Bg5 Nxe4 18. Bxe7 Qxe7 19. Bxe4 Qf6 20. Qf3 Rfd8 21. Qxf6 gxf6 22. Rxc6 Rxd4 23. Rxc8+ Bxc8 24. Kg2 Be6 25. Bf3 a5 26. Rd1 Rb4 27. Bd5 Kg7 28. Bxe6 fxe6 29. f4 a4 30. Rd3 b5 31. Kf3 axb3 32. Rxb3 Ra4 33. a3 Rc4 34. Kg4 Rc5 35. Rb4 Kg6 36. a4 bxa4 37. Rxa4 Rc2 38. h3 Re2 39. Ra8 Re3 40. h4 h5+ 41. Kh3 e5 42. fxe5 Rxe5 43. Kg2 1/2-1/2

[Event "Montreal Mercredi 02"]
[Site "Montreal CAN"]
[Date "2007.03.14"]
[Round "4"]
[White "Gauthier, Luc"]
[Black "Landry, Martin"]
[Result "1-0"]
[WhiteElo "1572"]
[BlackElo "1518"]
[PlyCount "91"]
[GameId "2160767910718335"]
[EventDate "2007.02.21"]
[EventType "swiss"]
[EventRounds "5"]
[EventCountry "CAN"]
[SourceTitle "EXT 2022"]
[Source "ChessBase"]
[SourceDate "2021.10.06"]
[SourceVersion "1"]
[SourceVersionDate "2021.10.06"]
[SourceQuality "1"]

1. e4 c5 2. Nc3 e6 3. f4 d5 4. Bb5+ Bd7 5. Bxd7+ Qxd7 6. d3 Nc6 7. Nf3 d4 8. Ne2 Nf6 9. Ng3 Be7 10. f5 e5 11. Bd2 h5 12. h4 Qd8 13. Qe2 Nb4 14. Bg5 Ng4 15. a3 Nc6 16. O-O-O Bxg5+ 17. Nxg5 Nf6 18. Nf3 Qa5 19. Ng5 b5 20. Qd2 b4 21. Kb1 Rb8 22. Ka1 Ke7 23. Ne2 Qa6 24. Nc1 bxa3 25. b3 Ng4 26. Na2 Na5 27. Rb1 Rb6 28. Nf3 Rhb8 29. Qg5+ Rf6 30. Nd2 Ne3 31. Rhc1 g6 32. fxg6 Qe6 33. gxf7 Rf8 34. Nf3 Kd6 35. b4 cxb4 36. Rxb4 R6xf7 37. Nxd4 exd4 38. Rxd4+ Kc6 39. Qxa5 Rf1 40. Qa6+ Kc7 41. Qxe6 Nxc2+ 42. Kb1 Rb8+ 43. Rb4 Rxc1+ 44. Kxc1 Nxb4 45. Nxb4 Rxb4 46. Qe7+ 1-0

[Event "Montreal Mercredi 02"]
[Site "Montreal CAN"]
[Date "2007.03.14"]
[Round "4"]
[White "Godin, Patrick"]
[Black "Frangulian, Eric"]
[Result "0-1"]
[WhiteElo "1277"]
[BlackElo "1507"]
[PlyCount "44"]
[GameId "2160767910718336"]
[EventDate "2007.02.21"]
[EventType "swiss"]
[EventRounds "5"]
[EventCountry "CAN"]
[SourceTitle "EXT 2022"]
[Source "ChessBase"]
[SourceDate "2021.10.06"]
[SourceVersion "1"]
[SourceVersionDate "2021.10.06"]
[SourceQuality "1"]

1. e4 e6 2. d4 d5 3. exd5 exd5 4. Bd3 Nf6 5. Bg5 Be7 6. Nd2 Nc6 7. c3 O-O 8. Qc2 h6 9. Bh4 Nh5 10. Bg3 a5 11. Ne2 Rb8 12. h3 Nxg3 13. Nxg3 Bd6 14. O-O Bxg3 15. fxg3 b5 16. Nb3 Qd6 17. Rf3 a4 18. Nc5 Nd8 19. Raf1 Ne6 20. Nxe6 Bxe6 21. Qf2 c6 22. Bh7+ Kxh7 0-1

[Event "Montreal Mercredi 02"]
[Site "Montreal CAN"]
[Date "2007.03.14"]
[Round "4"]
[White "Lalonde, Paul"]
[Black "Katch, Gary"]
[Result "0-1"]
[WhiteElo "1836"]
[BlackElo "1738"]
[PlyCount "56"]
[GameId "2160767910718338"]
[EventDate "2007.02.21"]
[EventType "swiss"]
[EventRounds "5"]
[EventCountry "CAN"]
[SourceTitle "EXT 2022"]
[Source "ChessBase"]
[SourceDate "2021.10.06"]
[SourceVersion "1"]
[SourceVersionDate "2021.10.06"]
[SourceQuality "1"]

1. e4 d5 2. exd5 Nf6 3. d4 Nxd5 4. c4 Nb6 5. Nc3 e5 6. dxe5 Qxd1+ 7. Nxd1 Nc6 8. f4 Be6 9. Ne3 O-O-O 10. Nf3 Bb4+ 11. Bd2 Bxd2+ 12. Nxd2 Rd4 13. g3 Rhd8 14. Rd1 g6 15. b3 Nb4 16. a3 Na2 17. Nf3 Rxd1+ 18. Nxd1 Nc1 19. Nd2 a5 20. h4 Bg4 21. Ne3 Be6 22. Bg2 Rd3 23. Nd5 Nxb3 24. Nxb3 Rxb3 25. Kf2 Rb2+ 26. Kf1 Nxc4 27. Bh3 Rb1+ 28. Kg2 Rxh1 0-1

[Event "Montreal Mercredi 02"]
[Site "Montreal CAN"]
[Date "2007.03.14"]
[Round "4"]
[White "Menard, Dominic"]
[Black "Gilman, Arkadiy"]
[Result "1/2-1/2"]
[WhiteElo "2039"]
[BlackElo "2104"]
[PlyCount "81"]
[GameId "2160767910718339"]
[EventDate "2007.02.21"]
[EventType "swiss"]
[EventRounds "5"]
[EventCountry "CAN"]
[SourceTitle "EXT 2022"]
[Source "ChessBase"]
[SourceDate "2021.10.06"]
[SourceVersion "1"]
[SourceVersionDate "2021.10.06"]
[SourceQuality "1"]

1. d4 d5 2. Nf3 Nf6 3. c4 c6 4. Nc3 e6 5. cxd5 exd5 6. Qc2 Na6 7. a3 Nc7 8. Bg5 Be7 9. e3 h6 10. Bh4 O-O 11. Bd3 Nce8 12. O-O Be6 13. Na4 Nd7 14. Bg3 Bd6 15. b4 Bxg3 16. hxg3 Nd6 17. Nd2 Qe7 18. Nc5 Rad8 19. a4 a6 20. Rab1 Rfe8 21. Rfc1 Rc8 22. Ndb3 Nf6 23. Nxe6 Qxe6 24. Nc5 Qe7 25. Qb2 Nfe4 26. Nxe4 dxe4 27. Be2 Qd8 28. b5 cxb5 29. Rxc8 Qxc8 30. axb5 axb5 31. Bxb5 Re7 32. Rc1 Rc7 33. Rxc7 Qxc7 34. Be2 Qa5 35. Qc1 b5 36. Qc5 Qe1+ 37. Bf1 Nc4 38. Qxb5 Nd2 39. g4 Kf8 40. Qe2 Qc1 41. Qb5 1/2-1/2

[Event "Montreal Mercredi 02"]
[Site "Montreal CAN"]
[Date "2007.03.14"]
[Round "4"]
[White "Millette, Sylvain"]
[Black "Messier, Samuel"]
[Result "0-1"]
[WhiteElo "1591"]
[BlackElo "1649"]
[PlyCount "66"]
[GameId "2160767910718340"]
[EventDate "2007.02.21"]
[EventType "swiss"]
[EventRounds "5"]
[EventCountry "CAN"]
[SourceTitle "EXT 2022"]
[Source "ChessBase"]
[SourceDate "2021.10.06"]
[SourceVersion "1"]
[SourceVersionDate "2021.10.06"]
[SourceQuality "1"]

1. Nf3 Nf6 2. g3 d5 3. Bg2 g6 4. O-O Bg7 5. d4 O-O 6. Nbd2 Re8 7. c3 Nbd7 8. Qc2 c6 9. e4 dxe4 10. Nxe4 Nxe4 11. Qxe4 Nf6 12. Qe2 Bg4 13. h3 Bxf3 14. Bxf3 h6 15. Re1 e6 16. Bf4 Nd5 17. Bxd5 exd5 18. Qd2 Kh7 19. Re2 Qd7 20. Kg2 Rxe2 21. Qxe2 Re8 22. Qc2 Qe6 23. Qd3 Qe2 24. Qd2 Qe4+ 25. Kg1 Qe6 26. Qe3 Qxe3 27. Bxe3 f5 28. Kf1 Bf6 29. Ke2 g5 30. Kd3 Kg6 31. f3 h5 32. c4 dxc4+ 33. Kxc4 Rxe3 0-1

[Event "Montreal Mercredi 02"]
[Site "Montreal CAN"]
[Date "2007.03.14"]
[Round "4"]
[White "Poschmann, Jeremie"]
[Black "Pregent, Daniel"]
[Result "1-0"]
[WhiteElo "1791"]
[BlackElo "1788"]
[PlyCount "77"]
[GameId "2160767910718341"]
[EventDate "2007.02.21"]
[EventType "swiss"]
[EventRounds "5"]
[EventCountry "CAN"]
[SourceTitle "EXT 2022"]
[Source "ChessBase"]
[SourceDate "2021.10.06"]
[SourceVersion "1"]
[SourceVersionDate "2021.10.06"]
[SourceQuality "1"]

1. d4 Nf6 2. c4 e6 3. g3 c5 4. Nf3 cxd4 5. Nxd4 Be7 6. Bg2 O-O 7. Nc3 Nc6 8. Ndb5 d6 9. Bg5 a6 10. Bxf6 gxf6 11. Nd4 Ne5 12. Qb3 Qc7 13. Rc1 Rb8 14. Qd1 Bd7 15. O-O Rfc8 16. b3 Qa5 17. f4 Ng4 18. Qd3 f5 19. h3 Nf6 20. e4 fxe4 21. Nxe4 Qh5 22. g4 Qg6 23. f5 Qg7 24. Rce1 Nxe4 25. Rxe4 e5 26. f6 Bxf6 27. Nf5 Bxf5 28. Rxf5 Be7 29. Re2 Kh8 30. Be4 b5 31. Bd5 f6 32. Rg2 h6 33. Qd2 bxc4 34. Bxc4 Rb6 35. Rh5 Bf8 36. g5 Rxc4 37. Rxh6+ Qxh6 38. gxh6 Rf4 39. Qd5 1-0

[Event "Montreal Mercredi 02"]
[Site "Montreal CAN"]
[Date "2007.03.14"]
[Round "4"]
[White "Rohani, Farzan"]
[Black "Neumark-Gaudet, Zev"]
[Result "1/2-1/2"]
[WhiteElo "1473"]
[BlackElo "1493"]
[PlyCount "75"]
[GameId "2160767910718342"]
[EventDate "2007.02.21"]
[EventType "swiss"]
[EventRounds "5"]
[EventCountry "CAN"]
[SourceTitle "EXT 2022"]
[Source "ChessBase"]
[SourceDate "2021.10.06"]
[SourceVersion "1"]
[SourceVersionDate "2021.10.06"]
[SourceQuality "1"]

1. e4 d5 2. exd5 Qxd5 3. Nc3 Qa5 4. Nf3 Nf6 5. Bb5+ c6 6. Ba4 Bg4 7. d3 e6 8. a3 b5 9. Bb3 b4 10. Ne2 Bxf3 11. gxf3 bxa3+ 12. Bd2 Qd8 13. bxa3 Nbd7 14. Ba4 c5 15. c4 Be7 16. Bc6 Rc8 17. Qa4 Qc7 18. Bb5 O-O 19. Ba5 Qd6 20. Bxd7 Nxd7 21. Bc3 Bf6 22. Bxf6 Nxf6 23. Rd1 Rfd8 24. d4 Qc6 25. Qxa7 Qxf3 26. Rg1 Ne4 27. Rf1 Rb8 28. Qc7 cxd4 29. Qf4 d3 30. Qxf3 d2+ 31. Rxd2 Rb1+ 32. Nc1 Nxd2 33. Qd1 Nf3+ 34. Qxf3 Rxc1+ 35. Ke2 Rc2+ 36. Ke1 Rc1+ 37. Ke2 Rc2+ 38. Ke1 1/2-1/2

[Event "Montreal Mercredi 02"]
[Site "Montreal CAN"]
[Date "2007.03.14"]
[Round "4"]
[White "Savard, Alain"]
[Black "Maharisoa, Tantely"]
[Result "0-1"]
[WhiteElo "1539"]
[BlackElo "1584"]
[PlyCount "64"]
[GameId "2160767910718343"]
[EventDate "2007.02.21"]
[EventType "swiss"]
[EventRounds "5"]
[EventCountry "CAN"]
[SourceTitle "EXT 2022"]
[Source "ChessBase"]
[SourceDate "2021.10.06"]
[SourceVersion "1"]
[SourceVersionDate "2021.10.06"]
[SourceQuality "1"]

1. e4 e5 2. Nf3 Nc6 3. Bc4 Nf6 4. Ng5 d5 5. exd5 Na5 6. d3 Nxc4 7. dxc4 Bc5 8. Qe2 O-O 9. a3 a5 10. Nc3 Bg4 11. f3 Bh5 12. Nge4 Nxe4 13. Nxe4 Be7 14. g4 Bg6 15. Be3 b6 16. O-O-O f5 17. Nf2 Qd7 18. Nd3 Bd6 19. Rhf1 f4 20. Bd2 Qa4 21. Bc3 Rae8 22. Nf2 Bc5 23. Ne4 Be3+ 24. Kb1 Re7 25. Ka2 Bc5 26. h4 Bxe4 27. Qxe4 Rfe8 28. Rd2 Be3 29. Rd3 Bc5 30. Rdd1 Bd6 31. Rde1 Rb8 32. c5 Qxe4 0-1

[Event "Montreal Mercredi 02"]
[Site "Montreal CAN"]
[Date "2007.02.22"]
[Round "5"]
[White "Pregent, Daniel"]
[Black "Millette, Sylvain"]
[Result "0-1"]
[WhiteElo "1788"]
[BlackElo "1591"]
[PlyCount "60"]
[GameId "2160767910718344"]
[EventDate "2007.02.21"]
[EventType "swiss"]
[EventRounds "5"]
[EventCountry "CAN"]
[SourceTitle "EXT 2022"]
[Source "ChessBase"]
[SourceDate "2021.10.06"]
[SourceVersion "1"]
[SourceVersionDate "2021.10.06"]
[SourceQuality "1"]

1. d4 Nf6 2. Nf3 g6 3. e3 d5 4. Bd3 Bg7 5. Nbd2 Nbd7 6. b3 b6 7. Bb2 Bb7 8. O-O O-O 9. Re1 Ne4 10. c4 Nxd2 11. Qxd2 dxc4 12. bxc4 Bxf3 13. gxf3 e6 14. e4 c5 15. e5 cxd4 16. Bxd4 Nc5 17. Bc2 Qh4 18. Rad1 Bh6 19. Be3 Bxe3 20. Qxe3 Qxc4 21. Bb1 Rad8 22. Qg5 Rxd1 23. Rxd1 Qe2 24. Rc1 Qxf3 25. h4 Qh5 26. Qg3 Rd8 27. Bc2 Rd4 28. f4 Rd2 29. Bb3 Rd3 30. Qg2 Qxh4 0-1

[Event "Montreal Mercredi 02"]
[Site "Montreal CAN"]
[Date "2007.03.21"]
[Round "5"]
[White "Frangulian, Eric"]
[Black "Savard, Alain"]
[Result "1/2-1/2"]
[WhiteElo "1507"]
[BlackElo "1539"]
[PlyCount "69"]
[GameId "2160767910718346"]
[EventDate "2007.02.21"]
[EventType "swiss"]
[EventRounds "5"]
[EventCountry "CAN"]
[SourceTitle "EXT 2022"]
[Source "ChessBase"]
[SourceDate "2021.10.06"]
[SourceVersion "1"]
[SourceVersionDate "2021.10.06"]
[SourceQuality "1"]

1. e4 e6 2. d4 d5 3. exd5 exd5 4. Nf3 Nf6 5. Be2 Bd6 6. Bg5 O-O 7. Nc3 c6 8. Qd2 Re8 9. O-O Bg4 10. Rfe1 Nbd7 11. h3 Bh5 12. Nh2 Qc7 13. Nf1 Bg6 14. Bf3 h6 15. Bh4 Bf4 16. Ne3 Be4 17. Bxe4 Nxe4 18. Nxe4 Rxe4 19. g3 Bxe3 20. Rxe3 Rae8 21. Rxe4 Rxe4 22. g4 Qb6 23. c3 h5 24. f3 Re6 25. Re1 Ne5 26. Qg2 hxg4 27. hxg4 Ng6 28. Rxe6 fxe6 29. Bg3 e5 30. Qe2 exd4 31. Bf2 Nf4 32. Qe8+ Kh7 33. Qf7 Nh3+ 34. Kg2 Nxf2 35. Qh5+ 1/2-1/2

[Event "Montreal Mercredi 02"]
[Site "Montreal CAN"]
[Date "2007.03.21"]
[Round "5"]
[White "Gilman, Arkadiy"]
[Black "Ayotte, Jocelyn"]
[Result "0-1"]
[WhiteElo "2104"]
[BlackElo "2063"]
[PlyCount "46"]
[GameId "2160767910718347"]
[EventDate "2007.02.21"]
[EventType "swiss"]
[EventRounds "5"]
[EventCountry "CAN"]
[SourceTitle "EXT 2022"]
[Source "ChessBase"]
[SourceDate "2021.10.06"]
[SourceVersion "1"]
[SourceVersionDate "2021.10.06"]
[SourceQuality "1"]

1. d4 d5 2. c4 dxc4 3. Nf3 Nf6 4. e3 e6 5. Bxc4 Be7 6. O-O O-O 7. Nc3 c5 8. Qe2 cxd4 9. exd4 b6 10. Bg5 Bb7 11. Rad1 Nbd7 12. Ne5 Nd5 13. Bc1 Nxc3 14. bxc3 Nxe5 15. dxe5 Qc7 16. Rd4 Rfd8 17. Rg4 Rd7 18. Bh6 g6 19. h4 Rad8 20. h5 Bd5 21. hxg6 hxg6 22. Bd3 Bf3 23. Bxg6 Bxe2 0-1

[Event "Montreal Mercredi 02"]
[Site "Montreal CAN"]
[Date "2007.03.21"]
[Round "5"]
[White "Katch, Gary"]
[Black "Poschmann, Jeremie"]
[Result "0-1"]
[WhiteElo "1738"]
[BlackElo "1791"]
[PlyCount "88"]
[GameId "2160767910718348"]
[EventDate "2007.02.21"]
[EventType "swiss"]
[EventRounds "5"]
[EventCountry "CAN"]
[SourceTitle "EXT 2022"]
[Source "ChessBase"]
[SourceDate "2021.10.06"]
[SourceVersion "1"]
[SourceVersionDate "2021.10.06"]
[SourceQuality "1"]

1. e4 e6 2. d4 d5 3. Nd2 Nf6 4. e5 Nfd7 5. Bd3 c5 6. c3 Nc6 7. Ne2 cxd4 8. cxd4 Be7 9. O-O O-O 10. f4 Qb6 11. Nf3 f6 12. Kh1 f5 13. Nc3 a6 14. Na4 Qd8 15. Be3 b5 16. Rc1 Nb4 17. Nc5 Nxc5 18. dxc5 Nxa2 19. Ra1 Nb4 20. Bxb5 Qc7 21. Qa4 a5 22. Rfc1 Ba6 23. Nd4 Bxb5 24. Qxb5 Rfb8 25. Qe2 Qc8 26. Nb5 Qa6 27. Nd4 Qxe2 28. Nxe2 Nd3 29. Rc2 Nxb2 30. Nd4 Kf7 31. Nc6 Rb7 32. Rb1 Rb3 33. Bd4 a4 34. Rcxb2 Rxb2 35. Rxb2 a3 36. Rb7 Ra4 37. Rxe7+ Kf8 38. Ra7 Rc4 39. g3 Rc1+ 40. Kg2 Rc2+ 41. Kh3 a2 42. Ra5 h6 43. Ba1 g5 44. Nb4 g4+ 0-1

[Event "Montreal Mercredi 02"]
[Site "Montreal CAN"]
[Date "2007.03.21"]
[Round "5"]
[White "Landry, Martin"]
[Black "Godin, Patrick"]
[Result "1-0"]
[WhiteElo "1518"]
[BlackElo "1277"]
[PlyCount "45"]
[GameId "2160767910718349"]
[EventDate "2007.02.21"]
[EventType "swiss"]
[EventRounds "5"]
[EventCountry "CAN"]
[SourceTitle "EXT 2022"]
[Source "ChessBase"]
[SourceDate "2021.10.06"]
[SourceVersion "1"]
[SourceVersionDate "2021.10.06"]
[SourceQuality "1"]

1. d4 d5 2. c4 c6 3. Nc3 Nf6 4. cxd5 cxd5 5. Nf3 Bf5 6. Qb3 b6 7. Bg5 e6 8. Nh4 Bg6 9. Nxg6 fxg6 10. Rc1 a5 11. e3 Bb4 12. Bd3 O-O 13. a3 Be7 14. Nb5 Ng4 15. Bxe7 Qxe7 16. Rc2 Nd7 17. h3 Qh4 18. O-O Ndf6 19. Nc7 Nxe3 20. fxe3 Ne4 21. Nxe6 Rxf1+ 22. Bxf1 Nf2 23. Rxf2 1-0

[Event "Montreal Mercredi 02"]
[Site "Montreal CAN"]
[Date "2007.03.21"]
[Round "5"]
[White "Maharisoa, Tantely"]
[Black "Gauthier, Luc"]
[Result "0-1"]
[WhiteElo "1584"]
[BlackElo "1572"]
[PlyCount "44"]
[GameId "2160767910718350"]
[EventDate "2007.02.21"]
[EventType "swiss"]
[EventRounds "5"]
[EventCountry "CAN"]
[SourceTitle "EXT 2022"]
[Source "ChessBase"]
[SourceDate "2021.10.06"]
[SourceVersion "1"]
[SourceVersionDate "2021.10.06"]
[SourceQuality "1"]

1. d4 d5 2. c4 e5 3. dxe5 d4 4. Nf3 Nc6 5. h3 Bf5 6. a3 Nge7 7. Bf4 Ng6 8. Bh2 Be7 9. b4 Be4 10. Nbd2 Bxf3 11. Nxf3 f6 12. e6 O-O 13. b5 Nce5 14. Nxd4 Nxc4 15. Nc2 Nxa3 16. e3 Nxc2+ 17. Qxc2 Bb4+ 18. Ke2 Qe7 19. f4 Rfd8 20. Kf3 f5 21. Bc4 Rd2 22. Qb3 Nh4+ 0-1

[Event "Montreal Mercredi 02"]
[Site "Montreal CAN"]
[Date "2007.03.21"]
[Round "5"]
[White "Messier, Samuel"]
[Black "Lalonde, Paul"]
[Result "1/2-1/2"]
[WhiteElo "1649"]
[BlackElo "1836"]
[PlyCount "123"]
[GameId "2160767910718351"]
[EventDate "2007.02.21"]
[EventType "swiss"]
[EventRounds "5"]
[EventCountry "CAN"]
[SourceTitle "EXT 2022"]
[Source "ChessBase"]
[SourceDate "2021.10.06"]
[SourceVersion "1"]
[SourceVersionDate "2021.10.06"]
[SourceQuality "1"]

1. e4 c5 2. Nf3 e6 3. d4 cxd4 4. Nxd4 a6 5. Be2 b5 6. Be3 Nf6 7. f3 Qc7 8. O-O Bc5 9. Qd2 O-O 10. Rd1 d5 11. exd5 Nxd5 12. Bf2 Bb7 13. Nc3 Nxc3 14. Qxc3 e5 15. Nxb5 Bxf2+ 16. Kxf2 Qb6+ 17. Qe3 Qxe3+ 18. Kxe3 axb5 19. Bxb5 Na6 20. c4 Nb4 21. Rd2 Nxa2 22. Rd7 Nb4 23. Rxa8 Bxa8 24. Ba4 Bc6 25. Bxc6 Nxc6 26. Ke4 f6 27. Kd5 Nd4 28. b4 Rb8 29. b5 h6 30. Kc5 Rc8+ 31. Kd5 Rb8 32. Kc5 Ne6+ 33. Kc6 Rc8+ 34. Kd6 Nd4 35. Rc7 Rb8 36. Kc5 Kf8 37. b6 Nb3+ 38. Kb5 Nd4+ 39. Ka6 Ra8+ 40. Kb7 Ra5 41. Kb8 Ne6 42. b7 Nd8 43. Kc8 Nxb7 44. Kxb7 Ra2 45. c5 Rxg2 46. c6 Rxh2 47. Rd7 h5 48. c7 Rc2 49. c8=Q+ Rxc8 50. Kxc8 Kg8 51. Kc7 Kh7 52. Kd6 Kg6 53. Ke6 h4 54. Rd1 Kg5 55. Rg1+ Kf4 56. Rg4+ Kxf3 57. Rxh4 e4 58. Kf5 e3 59. Rf4+ Kg2 60. Rg4+ Kf1 61. Rxg7 e2 62. Re7 1/2-1/2

[Event "Montreal Mercredi 02"]
[Site "Montreal CAN"]
[Date "2007.03.21"]
[Round "5"]
[White "Tremblay, Alain"]
[Black "Menard, Dominic"]
[Result "1/2-1/2"]
[WhiteElo "2051"]
[BlackElo "2039"]
[PlyCount "81"]
[GameId "2160767910718352"]
[EventDate "2007.02.21"]
[EventType "swiss"]
[EventRounds "5"]
[EventCountry "CAN"]
[SourceTitle "EXT 2022"]
[Source "ChessBase"]
[SourceDate "2021.10.06"]
[SourceVersion "1"]
[SourceVersionDate "2021.10.06"]
[SourceQuality "1"]

1. c4 e5 2. Nc3 d6 3. g3 f5 4. Bg2 Nf6 5. d3 g6 6. Nf3 Bg7 7. O-O O-O 8. Rb1 a5 9. a3 h6 10. b4 axb4 11. axb4 Nc6 12. e3 Be6 13. Nd2 d5 14. cxd5 Nxd5 15. Nxd5 Bxd5 16. Bxd5+ Qxd5 17. b5 Nd8 18. Qb3 Qxb3 19. Rxb3 Ne6 20. Ba3 Rfd8 21. Nc4 Rd5 22. Rd1 Rad8 23. Na5 Ra8 24. Nc4 b6 25. Kf1 Ra4 26. Nb2 Ra5 27. Nc4 Raxb5 28. Rxb5 Rxb5 29. Bb2 Rd5 30. Ke2 b5 31. Na5 Rc5 32. Rd2 Kf7 33. Ba3 Rd5 34. Rb2 Bf8 35. Bxf8 Kxf8 36. Nc6 Rc5 37. Nb4 c6 38. Kd2 Ke7 39. Ra2 Kd6 40. Na6 Rd5 41. Nb4 1/2-1/2

[Event "Montreal Mercredi 04"]
[Site "Montreal CAN"]
[Date "2007.04.04"]
[Round "1"]
[White "Bergeron, Rene"]
[Black "Matheson, Ben"]
[Result "1-0"]
[WhiteElo "1529"]
[BlackElo "1514"]
[PlyCount "105"]
[GameId "2160767910701389"]
[EventDate "2007.04.04"]
[EventType "swiss"]
[EventRounds "5"]
[EventCountry "CAN"]
[SourceTitle "EXT 2022"]
[Source "ChessBase"]
[SourceDate "2021.10.06"]
[SourceVersion "1"]
[SourceVersionDate "2021.10.06"]
[SourceQuality "1"]

1. e4 e6 2. c4 c5 3. Nf3 d6 4. d4 cxd4 5. Nxd4 Nf6 6. Bg5 Be7 7. Bd3 Nc6 8. Nf3 h6 9. Bd2 O-O 10. O-O e5 11. h3 a5 12. Nc3 Nb4 13. Bb1 Re8 14. a3 Na6 15. Nd5 Nc5 16. Re1 Nxd5 17. cxd5 Qb6 18. b4 axb4 19. Bxb4 Bd7 20. Bc2 Rac8 21. Rc1 Na6 22. Bd2 Qc5 23. Ba4 Bxa4 24. Qxa4 Qb6 25. Rxc8 Rxc8 26. Ba5 Qc5 27. Qd7 Kf8 28. Qxb7 Nb8 29. Bb4 Qc7 30. Qb5 Nd7 31. Ba5 Qa7 32. Bb4 Rc2 33. Rf1 Nc5 34. Ne1 Rb2 35. Qc4 Qa4 36. Nd3 Nxd3 37. Qxd3 Rc2 38. Kh1 Kg8 39. f4 exf4 40. Rxf4 Rc1+ 41. Rf1 Rxf1+ 42. Qxf1 Qc2 43. e5 Qc7 44. Bxd6 Bxd6 45. exd6 Qxd6 46. Qd3 Kf8 47. a4 f6 48. a5 Ke8 49. a6 Qc7 50. Qe3+ Kd8 51. a7 Qb7 52. Qc5 Kd7 53. Qc6+ 1-0